[Event "Ungdoms-DM U16 2023"]
[Site "Odense"]
[Date "2023.11.03"]
[Round "1.7"]
[White "Falkesgaard, Jeppe Hald"]
[Black "Skaelbaek, Noah"]
[Result "1-0"]
[WhiteElo "2176"]
[BlackElo "1835"]
[PlyCount "59"]
[EventDate "2023.11.03"]
[EventType "swiss"]
[EventRounds "5"]
[EventCountry "DEN"]
[SourceTitle "Live v. Kasper Jerwiarz"]

1. c4 c6 2. g3 Nf6 3. Nf3 d5 4. Bg2 e6 5. O-O Bd6 6. b3 O-O 7. Bb2 Nbd7 8. d3
Re8 9. Nbd2 e5 10. e4 Nc5 11. Qc2 a5 12. d4 Ncxe4 13. dxe5 Nxd2 14. Qxd2 Bb4
15. Qc2 Ne4 16. Rad1 Be6 17. Nd4 Nd2 18. Rxd2 Bxd2 19. Nxe6 Rxe6 20. cxd5 cxd5
21. Qxd2 a4 22. Qxd5 axb3 23. axb3 Rb6 24. Bd4 Rb4 25. Bc5 Rb5 26. Qxd8+ Rxd8
27. b4 f6 28. exf6 gxf6 29. Re1 b6 30. Bf1 1-0

[Event "Ungdoms-DM U16 2023"]
[Site "Odense"]
[Date "2023.11.03"]
[Round "1.8"]
[White "Sinding, Noa"]
[Black "Perets, Dmytro"]
[Result "0-1"]
[WhiteElo "1733"]
[BlackElo "2110"]
[PlyCount "36"]
[EventDate "2023.11.03"]
[EventType "swiss"]
[EventRounds "5"]
[EventCountry "DEN"]
[SourceTitle "Live v. Kasper Jerwiarz"]

1. d4 Nf6 2. c4 c5 3. d5 b5 4. e3 g6 5. a3 Bg7 6. Nc3 bxc4 7. Bxc4 O-O 8. Nf3
d6 9. O-O Nbd7 10. Qe2 Nb6 11. Ba2 a5 12. Rd1 Ba6 13. Qc2 Ng4 14. Rb1 a4 15.
Bd2 Qd7 16. Be1 Rfb8 17. Ne2 Qb5 18. Nc3 Qf1# 0-1

[Event "Ungdoms-DM U16 2023"]
[Site "Odense"]
[Date "2023.11.03"]
[Round "1.9"]
[White "Thorsen, Adrian Stenstrop"]
[Black "Slavensky, Asbjorn Vesterkaer"]
[Result "1-0"]
[WhiteElo "2070"]
[BlackElo "1710"]
[PlyCount "67"]
[EventDate "2023.11.03"]
[EventType "swiss"]
[EventRounds "5"]
[EventCountry "DEN"]
[SourceTitle "Live v. Kasper Jerwiarz"]

1. d4 Nf6 2. Nc3 c5 3. d5 e6 4. e4 exd5 5. e5 d4 6. exf6 dxc3 7. Qe2+ Be7 8.
fxe7 Qxe7 9. Qxe7+ Kxe7 10. bxc3 Nc6 11. Bb5 d5 12. Nf3 f6 13. Ba3 Kd6 14.
O-O-O a6 15. Bc4 Be6 16. Bxd5 Bxd5 17. c4 Ne7 18. cxd5 b5 19. c4 bxc4 20. Rd2
Rab8 21. Re1 Rb5 22. Re6+ Kd7 23. Rxa6 Rhb8 24. Kc2 R8b7 25. Rd1 Nf5 26. g4 Nd6
27. Nd2 c3 28. Kxc3 Rc7 29. f3 Rbb7 30. Ne4 Nb5+ 31. Kc4 Nxa3+ 32. Rxa3 Rb4+
33. Kc3 Rb5 34. Ra4 1-0

[Event "Ungdoms-DM U16 2023"]
[Site "Odense"]
[Date "2023.11.03"]
[Round "1.10"]
[White "Borresen, Johannes S Landbo"]
[Black "Nielsen Refs, Karl Emil Elmer"]
[Result "1-0"]
[WhiteElo "1492"]
[BlackElo "2046"]
[PlyCount "51"]
[EventDate "2023.11.03"]
[EventType "swiss"]
[EventRounds "5"]
[EventCountry "DEN"]
[SourceTitle "Live v. Kasper Jerwiarz"]

1. d4 Nf6 2. Bf4 e6 3. Nf3 b6 4. e3 Bb7 5. Bd3 Be7 6. h3 c5 7. c3 Nc6 8. Nbd2
Rc8 9. O-O O-O 10. Ne5 d6 11. Nxc6 Bxc6 12. Be2 h6 13. Bf3 Bxf3 14. Nxf3 d5 15.
Ne5 b5 16. dxc5 Bxc5 17. Nd3 Nd7 18. Qg4 Qf6 19. a4 bxa4 20. Rxa4 Bb6 21. Qg3
Rfe8 22. Be5 Nxe5 23. Qxe5 Qg6 24. Nf4 Qc2 25. Nh5 f6 26. Qg3 1-0

[Event "Ungdoms-DM U16 2023"]
[Site "Odense"]
[Date "2023.11.03"]
[Round "1.11"]
[White "Wahlgreen, Noah Krug"]
[Black "Li, Nikolaj"]
[Result "1-0"]
[WhiteElo "1993"]
[BlackElo "1405"]
[PlyCount "25"]
[EventDate "2023.11.03"]
[EventType "swiss"]
[EventRounds "5"]
[EventCountry "DEN"]
[SourceTitle "Live v. Kasper Jerwiarz"]

1. Nf3 d5 2. d4 Nf6 3. Bf4 c5 4. e3 a6 5. c3 Bg4 6. dxc5 Nc6 7. Qb3 Bxf3 8.
gxf3 Qc8 9. Nd2 e5 10. Bg5 Qf5 11. Qxb7 Rc8 12. Bxa6 Ne7 13. Qb5+ 1-0

[Event "Ungdoms-DM U16 2023"]
[Site "Odense"]
[Date "2023.11.03"]
[Round "1.12"]
[White "Svendsen, Nelly Amin"]
[Black "Wehding, Anton Bonsvig"]
[Result "0-1"]
[WhiteElo "1171"]
[BlackElo "1969"]
[PlyCount "122"]
[EventDate "2023.11.03"]
[EventType "swiss"]
[EventRounds "5"]
[EventCountry "DEN"]
[SourceTitle "Live v. Kasper Jerwiarz"]

1. e4 c5 2. Nf3 Nc6 3. Nc3 d6 4. Bb5 a6 5. Bxc6+ bxc6 6. d3 Bg4 7. h3 Bh5 8. g4
Bg6 9. Be3 e6 10. Qe2 d5 11. exd5 cxd5 12. d4 c4 13. Ne5 Bd6 14. Bf4 Qb6 15.
Rb1 Bb4 16. O-O Qxd4 17. Nxg6 hxg6 18. Be5 Qc5 19. Bxg7 Rxh3 20. Qe5 Qc6 21.
Kg2 Bd6 22. Qe1 Rh2+ 23. Kg1 O-O-O 24. Be5 Rh7 25. b4 d4 26. f3 dxc3 27. Qxc3
Bxe5 28. Qxe5 Qc7 29. Qxc7+ Kxc7 30. Rbd1 Rxd1 31. Rxd1 Nf6 32. Rd4 Kb6 33.
Rxc4 Kb5 34. Rd4 Rh8 35. g5 Nh5 36. a3 Rc8 37. Rd7 Rxc2 38. Rxf7 Rc3 39. Re7
Rxf3 40. Rxe6 Rg3+ 41. Kf2 Rxg5 42. Re3 Nf6 43. Kf3 Nd5 44. Rd3 Kc4 45. Rd1 Kb3
46. Rd3+ Kc2 47. Rd4 Rf5+ 48. Ke4 Rf4+ 49. Kxd5 Rxd4+ 50. Kxd4 Kb3 51. Kc5 g5
52. Kd4 Kxa3 53. Ke4 Kxb4 54. Kf5 a5 55. Kxg5 a4 56. Kf5 a3 57. Ke5 a2 58. Kd5
a1=Q 59. Kc6 Qe5 60. Kb7 Qd6 61. Ka8 Qd7 0-1

[Event "Ungdoms-DM U16 2023"]
[Site "Odense"]
[Date "2023.11.04"]
[Round "2.6"]
[White "Slavensky, Asbjorn Vesterkaer"]
[Black "Svendsen, Nelly Amin"]
[Result "1-0"]
[WhiteElo "1710"]
[BlackElo "1171"]
[PlyCount "79"]
[EventDate "2023.11.03"]
[EventType "swiss"]
[EventRounds "5"]
[EventCountry "DEN"]
[SourceTitle "Live v. Kasper Jerwiarz"]

1. d4 d5 2. c4 e6 3. Nf3 Nf6 4. g3 Nc6 5. Bg2 Bd6 6. O-O b6 7. Nc3 Bb7 8. Bg5
h6 9. Bxf6 Qxf6 10. cxd5 Ne7 11. e4 e5 12. dxe5 Bxe5 13. Nxe5 Qxe5 14. f4 Qd6
15. Qd4 Ba6 16. Rfd1 O-O 17. e5 Qg6 18. Qf2 Rad8 19. Be4 f5 20. Bf3 Rd7 21. a4
h5 22. h4 Bc4 23. Rd4 Ba6 24. Nb5 c6 25. dxc6 Rxd4 26. Nxd4 Rc8 27. b4 Rd8 28.
Kg2 Bc8 29. Rd1 Nd5 30. Bxd5+ Rxd5 31. Rc1 Qg4 32. Qa2 Be6 33. Nxe6 Rd3 34.
Nc5+ Kh7 35. Nxd3 Qg6 36. c7 Qe8 37. c8=Q Qxc8 38. Rxc8 Kh6 39. Qf7 Kh7 40.
Qxh5# 1-0

[Event "Ungdoms-DM U16 2023"]
[Site "Odense"]
[Date "2023.11.04"]
[Round "2.7"]
[White "Wahlgreen, Noah Krug"]
[Black "Falkesgaard, Jeppe Hald"]
[Result "0-1"]
[WhiteElo "1993"]
[BlackElo "2176"]
[PlyCount "52"]
[EventDate "2023.11.03"]
[EventType "swiss"]
[EventRounds "5"]
[EventCountry "DEN"]
[SourceTitle "Live v. Kasper Jerwiarz"]

1. d4 d5 2. Bf4 Nf6 3. Nf3 c5 4. e3 e6 5. c3 Nc6 6. Nbd2 Bd6 7. Nb3 Bxf4 8.
exf4 c4 9. Nbd2 O-O 10. b3 b5 11. a4 b4 12. cxb4 c3 13. Nb1 Ne4 14. Qc1 Qb6 15.
Na3 Nxd4 16. Nxd4 Qxd4 17. Ra2 Qxb4 18. Qc2 Nc5 19. Nb5 d4 20. Bc4 Rd8 21. O-O
a6 22. Na3 Bb7 23. Bd3 f5 24. f3 Qxb3 25. Rd1 Qxc2 26. Nxc2 Bd5 0-1

[Event "Ungdoms-DM U16 2023"]
[Site "Odense"]
[Date "2023.11.04"]
[Round "2.8"]
[White "Perets, Dmytro"]
[Black "Pihl, William"]
[Result "1-0"]
[WhiteElo "2110"]
[BlackElo "1946"]
[PlyCount "83"]
[EventDate "2023.11.03"]
[EventType "swiss"]
[EventRounds "5"]
[EventCountry "DEN"]
[SourceTitle "Live v. Kasper Jerwiarz"]

1. Nf3 Nf6 2. c4 e6 3. g3 b6 4. Bg2 Bb7 5. O-O Be7 6. d4 O-O 7. b3 d5 8. Ne5
Nbd7 9. Bb2 Ne4 10. Nxd7 Qxd7 11. cxd5 exd5 12. Nd2 Nxd2 13. Qxd2 Rfe8 14. Rfc1
Rac8 15. b4 Ba6 16. a4 Bc4 17. b5 Qe6 18. e3 c6 19. Rxc4 dxc4 20. Bxc6 Red8 21.
d5 Qg6 22. Rc1 Qd3 23. Qxd3 cxd3 24. Rd1 Bd6 25. Rxd3 Rc7 26. e4 Re7 27. Re3
Bc5 28. Re2 f6 29. Kg2 Kf7 30. f4 g5 31. fxg5 fxg5 32. e5 Kg6 33. d6 Re6 34.
Be4+ Kh6 35. Kf3 Rf8+ 36. Kg4 Rf1 37. Bf5 Re8 38. d7 Rf8 39. Be4 Be7 40. e6 Rd1
41. Be5 Ra1 42. Bxa1 1-0

[Event "Ungdoms-DM U16 2023"]
[Site "Odense"]
[Date "2023.11.04"]
[Round "2.9"]
[White "Wehding, Anton Bonsvig"]
[Black "Thorsen, Adrian Stenstrop"]
[Result "0-1"]
[WhiteElo "1969"]
[BlackElo "2070"]
[PlyCount "54"]
[EventDate "2023.11.03"]
[EventType "swiss"]
[EventRounds "5"]
[EventCountry "DEN"]
[SourceTitle "Live v. Kasper Jerwiarz"]

1. d4 e6 2. c4 d5 3. Nc3 Nf6 4. Nf3 c6 5. Bg5 Nbd7 6. e3 Qa5 7. a3 Ne4 8. Qc1
Nxg5 9. Nxg5 dxc4 10. e4 Be7 11. Nf3 b5 12. Be2 O-O 13. O-O Bb7 14. Rd1 Qb6 15.
Qf4 Rad8 16. a4 a5 17. axb5 cxb5 18. d5 Bc5 19. Qg3 exd5 20. Nxd5 Bxd5 21. Rxd5
Nf6 22. Re5 Bd6 23. Qg5 Bxe5 24. Qxe5 Rfe8 25. Qf5 Nxe4 26. Ne5 Rxe5 27. Qxe5
Qxf2+ 0-1

[Event "Ungdoms-DM U16 2023"]
[Site "Odense"]
[Date "2023.11.04"]
[Round "2.10"]
[White "Skaelbaek, Noah"]
[Black "Borresen, Johannes S Landbo"]
[Result "1-0"]
[WhiteElo "1835"]
[BlackElo "1492"]
[PlyCount "57"]
[EventDate "2023.11.03"]
[EventType "swiss"]
[EventRounds "5"]
[EventCountry "DEN"]
[SourceTitle "Live v. Kasper Jerwiarz"]

1. e4 c5 2. c3 d5 3. exd5 Qxd5 4. d4 Nc6 5. Nf3 Bg4 6. Be2 e6 7. O-O Nf6 8. Be3
cxd4 9. cxd4 Be7 10. Nc3 Qd8 11. Qb3 Rb8 12. Rfd1 Nd5 13. Nxd5 exd5 14. Bf4 Rc8
15. Qxb7 O-O 16. h3 Bf5 17. Bb5 Nb4 18. a3 a6 19. Bxa6 Nxa6 20. Qxa6 Rc2 21. b4
Rc3 22. Rac1 Qc8 23. Qa7 Bf6 24. Rxc3 Qxc3 25. Rc1 Qb3 26. Bd6 Rd8 27. Ne5 Rxd6
28. Qxf7+ Kh8 29. Qf8# 1-0

[Event "Ungdoms-DM U16 2023"]
[Site "Odense"]
[Date "2023.11.04"]
[Round "2.11"]
[White "Nielsen Refs, Karl Emil Elmer"]
[Black "Li, Nikolaj"]
[Result "1-0"]
[WhiteElo "2046"]
[BlackElo "1405"]
[PlyCount "55"]
[EventDate "2023.11.03"]
[EventType "swiss"]
[EventRounds "5"]
[EventCountry "DEN"]
[SourceTitle "Live v. Kasper Jerwiarz"]

1. d4 d5 2. Nf3 c5 3. e3 cxd4 4. exd4 Nf6 5. Bd3 e6 6. O-O Bd6 7. c3 O-O 8. Re1
b6 9. Ne5 h6 10. f4 Bb7 11. Nd2 Nc6 12. Kh1 Nd7 13. Qh5 Ne7 14. g4 Bxe5 15.
fxe5 f6 16. Nf3 fxe5 17. Nxe5 Nf6 18. Qh3 Ne4 19. Be3 Nc6 20. Nf3 Qd6 21. Rg1
Rae8 22. g5 e5 23. gxh6 exd4 24. hxg7 Rxf3 25. Qh8+ Kf7 26. g8=Q+ Rxg8 27.
Qxg8+ Kf6 28. Rg6+ 1-0

[Event "Ungdoms-DM U16 2023"]
[Site "Odense"]
[Date "2023.11.04"]
[Round "2.12"]
[White "Olesen, Nicholas Lindholm"]
[Black "Sinding, Noa"]
[Result "1/2-1/2"]
[WhiteElo "1060"]
[BlackElo "1733"]
[PlyCount "41"]
[EventDate "2023.11.03"]
[EventType "swiss"]
[EventRounds "5"]
[EventCountry "DEN"]
[SourceTitle "Live v. Kasper Jerwiarz"]

1. d4 Nf6 2. c4 g6 3. Nc3 Bg7 4. e4 d6 5. Nf3 O-O 6. Be2 e5 7. d5 Na6 8. O-O h6
9. h3 Ne8 10. Be3 f5 11. exf5 gxf5 12. a3 Rf7 13. Nh2 Nf6 14. b4 Bf8 15. f4 Bg7
16. fxe5 dxe5 17. c5 Rf8 18. Qd2 f4 19. Bf2 Bf5 20. Bh4 Nb8 21. Ng4 1/2-1/2

[Event "Ungdoms-DM U16 2023"]
[Site "Odense"]
[Date "2023.11.04"]
[Round "3.6"]
[White "Svendsen, Nelly Amin"]
[Black "Olesen, Nicholas Lindholm"]
[Result "0-1"]
[WhiteElo "1171"]
[BlackElo "1060"]
[PlyCount "116"]
[EventDate "2023.11.03"]
[EventType "swiss"]
[EventRounds "5"]
[EventCountry "DEN"]
[SourceTitle "Live v. Kasper Jerwiarz"]

1. e4 e5 2. Nf3 Nf6 3. Nc3 Nc6 4. Bb5 d6 5. O-O Bg4 6. Be2 Be7 7. d3 h6 8. Be3
O-O 9. Nh4 Bxe2 10. Qxe2 Nxe4 11. Nxe4 Bxh4 12. f4 f5 13. Nc3 exf4 14. Bxf4 Bg5
15. Qh5 Bxf4 16. Rxf4 Qf6 17. Raf1 Ne7 18. d4 g5 19. Re4 Qg7 20. Re6 Rf6 21.
Rfe1 Rxe6 22. Rxe6 Qxd4+ 23. Kf1 Qc4+ 24. Qe2 Qxe2+ 25. Kxe2 Re8 26. Nd5 Kf7
27. Rxe7+ Rxe7+ 28. Nxe7 Kxe7 29. Ke3 Ke6 30. Kd4 h5 31. c4 c5+ 32. Ke3 Ke5 33.
b3 a5 34. g3 g4 35. a4 b6 36. Kd3 f4 37. gxf4+ Kxf4 38. Ke2 h4 39. Kf2 g3+ 40.
hxg3+ hxg3+ 41. Kg2 Ke3 42. Kxg3 Kd3 43. Kf4 Kc3 44. Ke4 Kxb3 45. Kd5 Kxa4 46.
Kxd6 Kb4 47. Kc6 a4 48. Kxb6 a3 49. Kc6 a2 50. Kd5 a1=Q 51. Ke6 Kxc4 52. Kd6
Kb4 53. Kc6 c4 54. Kb7 c3 55. Kb8 c2 56. Kb7 c1=Q 57. Kb8 Qg7 58. Ka8 Qc8# 0-1

[Event "Ungdoms-DM U16 2023"]
[Site "Odense"]
[Date "2023.11.04"]
[Round "3.7"]
[White "Falkesgaard, Jeppe Hald"]
[Black "Perets, Dmytro"]
[Result "0-1"]
[WhiteElo "2176"]
[BlackElo "2110"]
[PlyCount "90"]
[EventDate "2023.11.03"]
[EventType "swiss"]
[EventRounds "5"]
[EventCountry "DEN"]
[SourceTitle "Live v. Kasper Jerwiarz"]

1. d4 Nf6 2. c4 c5 3. d5 b5 4. cxb5 a6 5. bxa6 g6 6. Nc3 Bxa6 7. e4 Bxf1 8.
Kxf1 d6 9. g3 Bg7 10. Kg2 Qa5 11. Nf3 O-O 12. a4 Qb4 13. Qc2 Na6 14. Ra3 Rfb8
15. Nd2 Qb7 16. Nb5 Nc7 17. Nxc7 Qxc7 18. Nc4 Nd7 19. Bd2 e6 20. dxe6 fxe6 21.
Bf4 Ra6 22. Rd1 Bd4 23. Nxd6 Rxb2 24. Qc4 Rxf2+ 25. Kh3 Rxf4 26. Qxa6 Rf8 27.
Nc4 Rf6 28. Rb3 e5 29. Qa8+ Nf8 30. Qd5+ Kh8 31. Rb7 Qc8+ 32. Kg2 Rf2+ 33. Kg1
Qh3 34. Qxe5+ Bxe5 35. Kxf2 Qxh2+ 36. Kf1 Bxg3 37. Rf7 Qh1+ 38. Ke2 Qxe4+ 39.
Ne3 Kg8 40. Rf3 Bf4 41. Rd8 Kg7 42. a5 Ne6 43. Rd7+ Kg8 44. Rh3 Nd4+ 45. Kf2
Bxe3+ 0-1

[Event "Ungdoms-DM U16 2023"]
[Site "Odense"]
[Date "2023.11.04"]
[Round "3.8"]
[White "Thorsen, Adrian Stenstrop"]
[Black "Nielsen Refs, Karl Emil Elmer"]
[Result "1/2-1/2"]
[WhiteElo "2070"]
[BlackElo "2046"]
[PlyCount "35"]
[EventDate "2023.11.03"]
[EventType "swiss"]
[EventRounds "5"]
[EventCountry "DEN"]
[SourceTitle "Live v. Kasper Jerwiarz"]

1. e4 c5 2. b3 e6 3. Bb2 Nc6 4. Nf3 d5 5. exd5 exd5 6. Bb5 Nf6 7. O-O Be7 8. d4
O-O 9. h3 Bf5 10. dxc5 Bxc5 11. Bxc6 bxc6 12. Nd4 Qd7 13. Nd2 Rfe8 14. Nxf5
Qxf5 15. Nf3 Nh5 16. g4 Qg6 17. Ne5 Qg5 18. Nf3 1/2-1/2

[Event "Ungdoms-DM U16 2023"]
[Site "Odense"]
[Date "2023.11.04"]
[Round "3.9"]
[White "Skaelbaek, Noah"]
[Black "Wahlgreen, Noah Krug"]
[Result "0-1"]
[WhiteElo "1835"]
[BlackElo "1993"]
[PlyCount "50"]
[EventDate "2023.11.03"]
[EventType "swiss"]
[EventRounds "5"]
[EventCountry "DEN"]
[SourceTitle "Live v. Kasper Jerwiarz"]

1. e4 c6 2. d4 d5 3. exd5 cxd5 4. c4 Nf6 5. Nc3 g6 6. Nf3 Bg7 7. h3 O-O 8. Be2
Nc6 9. O-O b6 10. Be3 Bb7 11. Rc1 Rc8 12. cxd5 Nxd5 13. Nxd5 Qxd5 14. Bc4 Qd6
15. a3 Rfd8 16. Ng5 e6 17. Ne4 Qe7 18. d5 Ne5 19. d6 Qf8 20. Nd2 Qxd6 21. Qa4
Nxc4 22. Nxc4 Qd5 23. f3 b5 24. Qxa7 Rxc4 25. Rcd1 Bd4 0-1

[Event "Ungdoms-DM U16 2023"]
[Site "Odense"]
[Date "2023.11.04"]
[Round "3.10"]
[White "Borresen, Johannes S Landbo"]
[Black "Wehding, Anton Bonsvig"]
[Result "0-1"]
[WhiteElo "1492"]
[BlackElo "1969"]
[PlyCount "52"]
[EventDate "2023.11.03"]
[EventType "swiss"]
[EventRounds "5"]
[EventCountry "DEN"]
[SourceTitle "Live v. Kasper Jerwiarz"]

1. d4 Nf6 2. Bf4 e6 3. Nf3 d5 4. e3 c5 5. c3 Nc6 6. Bb5 Qb6 7. Bxc6+ bxc6 8. b3
Ba6 9. Nbd2 cxd4 10. exd4 c5 11. h3 cxd4 12. cxd4 Bb4 13. a3 Bc3 14. Rc1 Ne4
15. Be3 O-O 16. b4 Qb5 17. Ng5 Rac8 18. Ngxe4 dxe4 19. Rb1 e5 20. a4 Qd3 21. b5
exd4 22. bxa6 dxe3 23. fxe3 Bxd2+ 24. Kf2 Qxe3+ 25. Kf1 Rc6 26. Qg4 Rf6+ 0-1

[Event "Ungdoms-DM U16 2023"]
[Site "Odense"]
[Date "2023.11.04"]
[Round "3.11"]
[White "Pihl, William"]
[Black "Slavensky, Asbjorn Vesterkaer"]
[Result "1-0"]
[WhiteElo "1946"]
[BlackElo "1710"]
[PlyCount "74"]
[EventDate "2023.11.03"]
[EventType "swiss"]
[EventRounds "5"]
[EventCountry "DEN"]
[SourceTitle "Live v. Kasper Jerwiarz"]

1. Nf3 d5 2. b3 Nf6 3. Bb2 Nbd7 4. e3 e6 5. Be2 Be7 6. O-O O-O 7. d4 b6 8. c4
Bb7 9. Nc3 c5 10. Rc1 Rc8 11. Re1 Re8 12. Qc2 dxc4 13. bxc4 cxd4 14. exd4 Bb4
15. Qb3 Qe7 16. Red1 a6 17. a3 Bd6 18. Na4 Bf4 19. Ra1 Be4 20. Ne5 Nxe5 21.
dxe5 Nd7 22. g3 Bh6 23. Rd6 b5 24. cxb5 Nxe5 25. Bxe5 f6 26. Bc4 Bf5 27. Nb6
Rc7 28. Rad1 fxe5 29. Rd7 Qc5 30. Rd8 Rce7 31. Rxe8+ Rxe8 32. bxa6 Bh3 33. Qb5
Qxf2+ 34. Kxf2 Rf8+ 35. Kg1 Be3+ 36. Kh1 Bg4 37. Bxe6+ Kh8 1-0

[Event "Ungdoms-DM U16 2023"]
[Site "Odense"]
[Date "2023.11.04"]
[Round "3.12"]
[White "Li, Nikolaj"]
[Black "Sinding, Noa"]
[Result "0-1"]
[WhiteElo "1405"]
[BlackElo "1733"]
[PlyCount "54"]
[EventDate "2023.11.03"]
[EventType "swiss"]
[EventRounds "5"]
[EventCountry "DEN"]
[SourceTitle "Live v. Kasper Jerwiarz"]

1. d4 Nf6 2. Nf3 g6 3. c4 Bg7 4. Nc3 O-O 5. e4 d6 6. Bd3 e5 7. Be3 Nc6 8. d5
Ne7 9. O-O Ne8 10. Rc1 f5 11. Bg5 f4 12. b4 h6 13. Bxe7 Qxe7 14. Ne2 g5 15. Kh1
g4 16. Nfg1 h5 17. f3 Rf6 18. c5 Rg6 19. fxg4 hxg4 20. g3 Rh6 21. Qd2 Rh7 22.
gxf4 Qh4 23. Nc3 g3 24. Rc2 Bg4 25. Nf3 Bxf3+ 26. Rxf3 Qg4 27. Qg2 Rxh2+ 0-1

[Event "Ungdoms-DM U16 2023"]
[Site "Odense"]
[Date "2023.11.05"]
[Round "4.6"]
[White "Li, Nikolaj"]
[Black "Svendsen, Nelly Amin"]
[Result "1-0"]
[WhiteElo "1405"]
[BlackElo "1171"]
[PlyCount "103"]
[EventDate "2023.11.03"]
[EventType "swiss"]
[EventRounds "5"]
[EventCountry "DEN"]
[SourceTitle "Live v. Kasper Jerwiarz"]

1. d4 d5 2. Nf3 Nc6 3. c4 e6 4. cxd5 exd5 5. Nc3 h6 6. Bf4 Bb4 7. e3 Nf6 8. Bb5
O-O 9. O-O Bg4 10. h3 Bh5 11. Be2 Bxc3 12. bxc3 Ne4 13. Qc2 a6 14. Ne5 Bxe2 15.
Nxc6 bxc6 16. Qxe2 Qh4 17. Bxc7 Nxc3 18. Qc2 Qe7 19. Bf4 Ne4 20. Qxc6 g5 21.
Be5 f6 22. Qxd5+ Kg7 23. Qxe4 fxe5 24. Qxe5+ Qxe5 25. dxe5 Rfe8 26. f4 Re6 27.
Rad1 Rf8 28. Rd7+ Rf7 29. Rxf7+ Kxf7 30. Rd1 gxf4 31. exf4 Rb6 32. Rd6 Rxd6 33.
exd6 Ke6 34. Kf2 Kxd6 35. Kf3 Ke6 36. Kg4 Kf6 37. Kh5 Kf5 38. Kxh6 Kxf4 39. g4
Ke4 40. g5 Kd4 41. g6 Kc3 42. g7 Kb2 43. g8=Q Ka1 44. Kg5 a5 45. h4 a4 46. h5
a3 47. h6 Kb1 48. h7 Kc2 49. Qb3+ Kc1 50. h8=R Kd2 51. Rh2+ Kc1 52. Qc2# 1-0

[Event "Ungdoms-DM U16 2023"]
[Site "Odense"]
[Date "2023.11.05"]
[Round "4.7"]
[White "Perets, Dmytro"]
[Black "Thorsen, Adrian Stenstrop"]
[Result "1-0"]
[WhiteElo "2110"]
[BlackElo "2070"]
[PlyCount "31"]
[EventDate "2023.11.03"]
[EventType "swiss"]
[EventRounds "5"]
[EventCountry "DEN"]
[SourceTitle "Live v. Kasper Jerwiarz"]

1. Nf3 d5 2. c4 c6 3. d4 Nf6 4. e3 e6 5. Nbd2 Nbd7 6. Bd3 dxc4 7. Nxc4 b5 8.
Nce5 Bb7 9. O-O Be7 10. Nxf7 Kxf7 11. Ng5+ Kg8 12. Nxe6 Qa5 13. e4 c5 14. e5
Nd5 15. Qg4 Bf8 16. Nxg7 1-0

[Event "Ungdoms-DM U16 2023"]
[Site "Odense"]
[Date "2023.11.05"]
[Round "4.8"]
[White "Wehding, Anton Bonsvig"]
[Black "Falkesgaard, Jeppe Hald"]
[Result "0-1"]
[WhiteElo "1969"]
[BlackElo "2176"]
[PlyCount "60"]
[EventDate "2023.11.03"]
[EventType "swiss"]
[EventRounds "5"]
[EventCountry "DEN"]
[SourceTitle "Live v. Kasper Jerwiarz"]

1. e4 c5 2. Nf3 Nc6 3. d4 cxd4 4. Nxd4 e5 5. Nb5 d6 6. N1c3 a6 7. Na3 Be7 8.
Nd5 Nf6 9. Nxe7 Qxe7 10. f3 O-O 11. Nc4 b5 12. Nb6 Rb8 13. Nxc8 Rbxc8 14. Bg5
Nd4 15. c3 Ne6 16. Bh4 Rfd8 17. Be2 d5 18. exd5 g5 19. Qc1 Nxd5 20. Bf2 Nef4
21. g3 e4 22. Kf1 Nxe2 23. Kxe2 e3 24. Be1 Qe6 25. h3 Nb4 26. a3 Rd2+ 27. Kf1
Qd5 28. Kg1 Nd3 29. Qb1 Rxb2 30. Qd1 e2 0-1

[Event "Ungdoms-DM U16 2023"]
[Site "Odense"]
[Date "2023.11.05"]
[Round "4.9"]
[White "Wahlgreen, Noah Krug"]
[Black "Pihl, William"]
[Result "0-1"]
[WhiteElo "1993"]
[BlackElo "1946"]
[PlyCount "47"]
[EventDate "2023.11.03"]
[EventType "swiss"]
[EventRounds "5"]
[EventCountry "DEN"]
[SourceTitle "Live v. Kasper Jerwiarz"]

1. e4 e5 2. Nf3 Nc6 3. Bc4 Nf6 4. d3 h6 5. O-O Bc5 6. c3 d6 7. b4 Bb6 8. Nbd2
Bg4 9. Re1 Qd7 10. Bb3 g5 11. a4 a5 12. b5 Ne7 13. Nc4 Ng6 14. g3 Bh5 15. Ba3
Qh3 16. Nxb6 cxb6 17. Bxd6 Nf4 18. Bxf7+ Kxf7 19. Nxe5+ Kg7 20. gxf4 Bxd1 21.
Raxd1 Ng4 22. Rd2 Qxh2+ 23. Kf1 Qxf4 24. Nc4 0-1

[Event "Ungdoms-DM U16 2023"]
[Site "Odense"]
[Date "2023.11.05"]
[Round "4.10"]
[White "Sinding, Noa"]
[Black "Nielsen Refs, Karl Emil Elmer"]
[Result "1-0"]
[WhiteElo "1733"]
[BlackElo "2046"]
[PlyCount "75"]
[EventDate "2023.11.03"]
[EventType "swiss"]
[EventRounds "5"]
[EventCountry "DEN"]
[SourceTitle "Live v. Kasper Jerwiarz"]

1. d4 Nf6 2. Bf4 e6 3. e3 d5 4. Bd3 Bd6 5. Bg3 O-O 6. c3 c5 7. Nd2 Qc7 8. Ngf3
Nbd7 9. O-O Rb8 10. Re1 b5 11. e4 Bxg3 12. hxg3 c4 13. Bc2 dxe4 14. Nxe4 Nd5
15. Qd2 b4 16. Kh2 bxc3 17. bxc3 h6 18. Ba4 N7f6 19. Nc5 Qa5 20. Rec1 Ng4+ 21.
Kg1 Rd8 22. Bc6 Ne7 23. Bd7 Bxd7 24. Nxd7 Rxd7 25. Qf4 Rb2 26. Qxg4 Rxa2 27.
Rab1 Nc6 28. Qe4 Qa6 29. Ne5 Rc7 30. Nxc6 Rxc6 31. Rb8+ Rc8 32. Rcb1 f5 33. Qe5
Kh7 34. R1b7 Ra1+ 35. Kh2 Rg8 36. Qc7 e5 37. Rxg8 Ra2 38. Kg1 1-0

[Event "Ungdoms-DM U16 2023"]
[Site "Odense"]
[Date "2023.11.05"]
[Round "4.11"]
[White "Olesen, Nicholas Lindholm"]
[Black "Borresen, Johannes S Landbo"]
[Result "1/2-1/2"]
[WhiteElo "1060"]
[BlackElo "1492"]
[PlyCount "53"]
[EventDate "2023.11.03"]
[EventType "swiss"]
[EventRounds "5"]
[EventCountry "DEN"]
[SourceTitle "Live v. Kasper Jerwiarz"]

1. d4 Nf6 2. c4 e6 3. Nc3 Bb4 4. Bg5 h6 5. Bxf6 Qxf6 6. e3 c5 7. Nge2 b6 8. a3
Ba5 9. Rb1 Bxc3+ 10. Nxc3 O-O 11. Be2 Bb7 12. d5 a6 13. O-O e5 14. Ne4 Qg6 15.
Bd3 f5 16. Nc3 e4 17. Be2 f4 18. exf4 Rxf4 19. Re1 d6 20. Qc2 Nd7 21. f3 Ne5
22. fxe4 Bc8 23. Kh1 Rf2 24. Rg1 Nxc4 25. Nd1 Rxe2 26. Qxe2 Ne5 27. Nf2 1/2-1/2

[Event "Ungdoms-DM U16 2023"]
[Site "Odense"]
[Date "2023.11.05"]
[Round "4.12"]
[White "Slavensky, Asbjorn Vesterkaer"]
[Black "Skaelbaek, Noah"]
[Result "1-0"]
[WhiteElo "1710"]
[BlackElo "1835"]
[PlyCount "91"]
[EventDate "2023.11.03"]
[EventType "swiss"]
[EventRounds "5"]
[EventCountry "DEN"]
[SourceTitle "Live v. Kasper Jerwiarz"]

1. d4 d5 2. c4 c6 3. Nf3 Nf6 4. Nc3 e6 5. Bg5 Nbd7 6. e3 Be7 7. Bd3 dxc4 8.
Bxc4 b5 9. Bd3 O-O 10. O-O a6 11. a4 b4 12. Ne2 Bb7 13. Ng3 c5 14. Rc1 Rc8 15.
Qe2 Qa5 16. Ne5 Nxe5 17. dxe5 Nd5 18. Qh5 g6 19. Qh6 Bxg5 20. Qxg5 f6 21. exf6
Rxf6 22. e4 h6 23. Qe5 Qc7 24. Qxc7 Nxc7 25. Rxc5 Kg7 26. Rfc1 Rf7 27. e5 Rd8
28. Rxc7 Rxd3 29. Rxf7+ Kxf7 30. Rc7+ Ke8 31. Rxb7 Rb3 32. Ne4 Rxb2 33. g3 a5
34. Nd6+ Kd8 35. Nc4 Ra2 36. Rb5 b3 37. Rxb3 Rxa4 38. Nd6 Kc7 39. Nf7 h5 40.
Ng5 Kd7 41. Rd3+ Ke7 42. Rd6 Rg4 43. f4 h4 44. Kg2 hxg3 45. hxg3 a4 46. Kf3 1-0